Komunikační a obchodní dovednosti manažera

Gespeichert in:
Bibliographische Detailangaben
1. Verfasser: Khelerová, Vladimíra
Format: Buch
Sprache:Tschechisch
Veröffentlicht: Praha Grada Publishing 1999
Schriftenreihe:Poradce
Schlagworte:
Tags: Tag hinzufügen
Keine Tags, Fügen Sie das erste Tag hinzu!

MARC

LEADER 00000nam$a2200000$$$4500
001 0022562
005 20221207102656.0
020 |a 80-7169-375-8 
041 0 |a cze 
044 |a CZ 
245 1 0 |a Komunikační a obchodní dovednosti manažera  |c Vladimíra Khelerová 
264 1 |a Praha  |b Grada Publishing  |c 1999 
300 |a 119 s. 
490 1 |a Poradce 
830 0 |a Poradce 
610 2 0 |a manažéri 
610 2 0 |a schopnosti pracovné 
610 2 0 |a komunikácia 
610 2 0 |a obchod 
610 2 0 |a vyjednávanie 
610 2 0 |a zákazníci 
610 2 0 |a konflikty 
610 2 0 |a osobnosť 
610 2 0 |a tímy pracovné 
100 1 |a Khelerová, Vladimíra